Indian culture / (Record no. 22759)

MARC details
000 -LEADER
fixed length control field 00935cam a22002891 4500
001 - CONTROL NUMBER
control field 6103455
003 - CONTROL NUMBER IDENTIFIER
control field BDDh-ASL
005 - DATE AND TIME OF LATEST TRANSACTION
control field 20231015030145.0
008 - FIXED-LENGTH DATA ELEMENTS--GENERAL INFORMATION
fixed length control field 780518s1963 nyu 000 0 eng
010 ## - LIBRARY OF CONGRESS CONTROL NUMBER
LC control number 63002778
015 ## - NATIONAL BIBLIOGRAPHY NUMBER
National bibliography number GB63-6613
035 ## - SYSTEM CONTROL NUMBER
System control number (OCoLC)3905970
040 ## - CATALOGING SOURCE
Original cataloging agency DLC
Transcribing agency MiRochOU
Modifying agency MiRochOU
-- Uk
-- DLC
-- BDDh-ASL
042 ## - AUTHENTICATION CODE
Authentication code premarc
043 ## - GEOGRAPHIC AREA CODE
Geographic area code a-ii---
050 00 - LIBRARY OF CONGRESS CALL NUMBER
Classification number DS421
Item number .H84
082 ## - DEWEY DECIMAL CLASSIFICATION NUMBER
Classification number 954
Item number HUI
100 1# - MAIN ENTRY--PERSONAL NAME
Personal name Ḥusain, Sayyid ʻĀbid,
Dates associated with a name 1896-1978.
245 10 - TITLE STATEMENT
Title Indian culture /
260 ## - PUBLICATION, DISTRIBUTION, ETC.
Place of publication, distribution, etc. New York:
Name of publisher, distributor, etc. Asia Pub. House
Date of publication, distribution, etc. [1963]
300 ## - PHYSICAL DESCRIPTION
Extent 67 p. :
Dimensions 23 cm.
490 0# - SERIES STATEMENT
Series statement Aligarh Muslim University. General education reading material series,
Volume/sequential designation no. 16
500 ## - GENERAL NOTE
General note At head of title: Directorate of General Education. Reading Material Project. Aligarh Muslim University.
651 #0 - SUBJECT ADDED ENTRY--GEOGRAPHIC NAME
Geographic name India
General subdivision Civilization.
906 ## - LOCAL DATA ELEMENT F, LDF (RLIN)
a 7
b cbc
c oclcrpl
d u
e ncip
f 19
g y-gencatlg
942 ## - ADDED ENTRY ELEMENTS (KOHA)
Source of classification or shelving scheme Dewey Decimal Classification
Koha item type Books
Holdings
Withdrawn status Lost status Source of classification or shelving scheme Damaged status Not for loan Collection code Home library Current library Shelving location Date acquired Source of acquisition Total Checkouts Full call number Barcode Date last seen Copy number Price effective from Koha item type Public note
    Dewey Decimal Classification     Non-fiction Asiatic Society Library Asiatic Society Library General Stacks 03/06/2021 ASB Library Collections   954 HUI 107064 03/06/2021 C-1 03/06/2021 Books RARE

Powered by Koha